000 00286nam a2200109Ia 4500
008 201231s9999 xx 000 0 und d
100 _aConger, Jim
245 4 _aThe Waite Group Windows Programming Primer Plus
260 _aNew Delhi
_bGalgotia Publications
300 _a714
942 _cBK
999 _c9482
_d9482